[Event "Stavanger op"]
[Site "Stavanger"]
[Date "2017.10.14"]
[Round "6"]
[White "Jacobsen, Fredrik Beer"]
[Black "Jacobsen, Fredrik Lytomt"]
[Result "1-0"]
[WhiteElo "2025"]
[BlackElo "1413"]
[PlyCount "125"]
[EventDate "2017.10.11"]
[EventType "swiss"]
[EventRounds "9"]
[EventCountry "NOR"]
[SourceTitle "CBM 181 Extra"]
[Source "ChessBase"]
[SourceDate "2017.12.12"]
[SourceVersion "1"]
[SourceVersionDate "2017.12.12"]
[SourceQuality "1"]

1. d4 d5 2. g3 Nf6 3. Bg2 e6 4. Nf3 c5 5. e3 Nc6 6. 0-0 Bd6 7. b3 0-0 8. Bb2 Qc7 9. dxc5 Bxc5 10. Bxf6 gxf6 11. Nbd2 Rd8 12. Qe2 Bf8 13. c4 d4 14. Nxd4 Nxd4 15. Qg4+ Bg7 16. exd4 f5 17. Qh5 Bxd4 18. Rad1 Bg7 19. Nf3 Rxd1 20. Rxd1 h6 21. Nd4 Bd7 22. Qf3 Rd8 23. Qe2 Be8 24. Nc2 Rxd1+ 25. Qxd1 Bc6 26. Bxc6 Qxc6 27. Qd3 Bf6 28. a3 a5 29. b4 axb4 30. axb4 Be7 31. c5 b6 32. cxb6 Qxb6 33. Qc4 Qd6 34. Kg2 Qb6 35. b5 Bc5 36. Qd3 Bxf2 37. Nb4 Bg1 38. Qe2 Bc5 39. Nc6 Bd6 40. Kh3 Qg1 41. Qd2 Qf1+ 42. Kh4 Qc4+ 43. Qd4 Qxd4+ 44. Nxd4 f4 45. Kg4 e5 46. Nf5 fxg3 47. hxg3 h5+ 48. Kxh5 e4 49. Nxd6 e3 50. b6 e2 51. b7 e1Q 52. b8Q+ Kh7 53. Nxf7 Qd1+ 54. Kg5 Qd5+ 55. Qe5 Qxf7 56. Qf5+ Qxf5+ 57. Kxf5 Kh8 58. Kg6 Kg8 59. g4 Kh8 60. Kh6 Kg8 61. g5 Kh8 62. g6 Kg8 63. g7 1-0

[Event "Helsingor Xtracon op"]
[Site "Helsingor"]
[Date "2017.07.30"]
[Round "10"]
[White "Jacobsen, Fredrik Beer"]
[Black "Rendlev, Niels Moller"]
[Result "1-0"]
[WhiteElo "2081"]
[BlackElo "1756"]
[PlyCount "103"]
[EventDate "2017.07.22"]
[EventType "swiss"]
[EventRounds "10"]
[EventCountry "DEN"]
[SourceTitle "CBM 179 Extra"]
[Source "ChessBase"]
[SourceDate "2017.08.23"]
[SourceVersion "1"]
[SourceVersionDate "2017.08.23"]
[SourceQuality "1"]

1. e4 e6 2. d3 d5 3. Nc3 dxe4 4. Nxe4 Nf6 5. Nc3 c5 6. g3 Bd7 7. Bg2 Bc6 8. Nf3 Be7 9. 0-0 0-0 10. Re1 a6 11. a4 Nbd7 12. a5 Qc7 13. Qe2 Rfe8 14. h3 Nd5 15. Ne4 N7f6 16. Nfg5 Bf8 17. Bd2 Rad8 18. Rad1 h6 19. Nxf6+ Nxf6 20. Nf3 Nd5 21. Ne5 Nb4 22. Bxb4 Bxg2 23. Kxg2 cxb4 24. Nc4 Rc8 25. Qg4 Qc6+ 26. Kh2 f6 27. b3 e5 28. Re4 Rcd8 29. Rde1 Qb5 30. Qg6 Qd7 31. f4 Re6 32. fxe5 fxe5 33. Qg4 Qf7 34. Nxe5 Qf2+ 35. Kh1 Rf6 36. R4e2 Qc5 37. Qc4+ Qd5+ 38. Qxd5+ Rxd5 39. Nc4 Rdf5 40. d4 Rf3 41. Re3 Rf2 42. R3e2 Rf1+ 43. Kg2 g5 44. Re6 Kg7 45. Rxf6 Rxf6 46. Re2 Bd6 47. d5 h5 48. Nxd6 Rxd6 49. Kf3 Kf6 50. Ke4 Rd8 51. Rf2+ Kg6 52. Ke5 1-0

[Event "Helsingor Xtracon op"]
[Site "Helsingor"]
[Date "2017.07.26"]
[Round "6"]
[White "Jacobsen, Fredrik Beer"]
[Black "Nielsen, Aage Sondergaard"]
[Result "1/2-1/2"]
[WhiteElo "2081"]
[BlackElo "1861"]
[PlyCount "62"]
[EventDate "2017.07.22"]
[EventType "swiss"]
[EventRounds "10"]
[EventCountry "DEN"]
[SourceTitle "CBM 179 Extra"]
[Source "ChessBase"]
[SourceDate "2017.08.23"]
[SourceVersion "1"]
[SourceVersionDate "2017.08.23"]
[SourceQuality "1"]

1. d4 e6 2. Bf4 d5 3. e3 Bd6 4. Bg3 Nf6 5. Nd2 b6 6. c3 0-0 7. Bd3 Bb7 8. Qc2 c5 9. Ngf3 c4 10. Be2 Qc7 11. e4 dxe4 12. Bxd6 Qxd6 13. Nxc4 Qf4 14. Nfe5 Rd8 15. g3 Qh6 16. h4 Nc6 17. g4 Qf4 18. g5 Nxe5 19. Nxe5 Nd7 20. Ng4 e5 21. Qc1 e3 22. Rh2 exd4 23. cxd4 exf2+ 24. Rxf2 Qxd4 25. Qc7 Qe4 26. Rd1 Qh1+ 27. Rf1 Qxh4+ 28. Rf2 Qh1+ 29. Rf1 Qh4+ 30. Rf2 Qh1+ 31. Rf1 Qh4+ 1/2-1/2

[Event "Helsingor Xtracon op"]
[Site "Helsingor"]
[Date "2017.07.24"]
[Round "4"]
[White "Jacobsen, Fredrik Beer"]
[Black "Rostgaard, Tobias Valentin"]
[Result "1/2-1/2"]
[WhiteElo "2081"]
[BlackElo "2327"]
[PlyCount "75"]
[EventDate "2017.07.22"]
[EventType "swiss"]
[EventRounds "10"]
[EventCountry "DEN"]
[SourceTitle "CBM 179 Extra"]
[Source "ChessBase"]
[SourceDate "2017.08.23"]
[SourceVersion "1"]
[SourceVersionDate "2017.08.23"]
[SourceQuality "1"]

1. d4 Nf6 2. Bf4 d5 3. e3 c5 4. c3 Nc6 5. Nd2 e6 6. Bd3 Bd6 7. Bg3 e5 8. dxe5 Nxe5 9. Bb5+ Bd7 10. Bxd7+ Qxd7 11. Ndf3 Nc6 12. Bxd6 Qxd6 13. Ne2 Rd8 14. Qd3 0-0 15. 0-0 b5 16. Rfd1 c4 17. Qc2 a5 18. Nfd4 Qc5 19. Nxc6 Qxc6 20. Rd4 b4 21. cxb4 axb4 22. b3 Rc8 23. Rc1 Nd7 24. bxc4 Nb6 25. Qb2 Nxc4 26. Qxb4 Qa6 27. Nf4 Nxe3 28. Rb1 Nc2 29. Qa4 Qxa4 30. Rxa4 Rc4 31. Rxc4 dxc4 32. Kf1 Na3 33. Rc1 Rb8 34. Nd5 Rb2 35. Ne3 Rxa2 36. Nxc4 h5 37. Nxa3 Rxa3 38. g3 1/2-1/2

[Event "NOR-chB"]
[Site "Stavanger"]
[Date "2017.07.01"]
[Round "1"]
[White "Harestad, Hans Krogh"]
[Black "Jacobsen, Fredrik Beer"]
[Result "1-0"]
[WhiteElo "2249"]
[BlackElo "2081"]
[PlyCount "81"]
[EventDate "2017.07.01"]
[EventType "swiss"]
[EventRounds "9"]
[EventCountry "NOR"]
[SourceTitle "CBM 179 Extra"]
[Source "ChessBase"]
[SourceDate "2017.08.23"]
[SourceVersion "1"]
[SourceVersionDate "2017.08.23"]
[SourceQuality "1"]

1. d4 d5 2. c4 e6 3. Nc3 Nf6 4. cxd5 exd5 5. Bg5 Be7 6. e3 c6 7. Bd3 Nbd7 8. Nf3 0-0 9. 0-0 Re8 10. Qc2 Nf8 11. h3 Ng6 12. Ne5 Nd7 13. Bf4 Ndxe5 14. dxe5 Kh8 15. Bg3 Bc5 16. Ne2 Bb6 17. Bxg6 hxg6 18. Nd4 a6 19. Rad1 c5 20. Ne2 Bf5 21. Qd2 Qe7 22. Qxd5 Be6 23. Qd3 Bxa2 24. b3 Qe6 25. Nc1 c4 26. Qe2 cxb3 27. Rd6 Qc8 28. Rxb6 Qc7 29. Rd6 b5 30. Nxa2 bxa2 31. Qxa2 a5 32. e6 fxe6 33. Rxe6 Qc4 34. Rxe8+ Rxe8 35. Qxc4 bxc4 36. Rc1 Rc8 37. Kf1 Kg8 38. Ke2 Kf7 39. Ra1 Rc5 40. Bd6 Rd5 41. Bc7 1-0

[Event "Alesund Grand Prix A"]
[Site "Alesund"]
[Date "2017.04.02"]
[Round "6"]
[White "Merkesvik, Sondre"]
[Black "Jacobsen, Fredrik Beer"]
[Result "1-0"]
[WhiteElo "2186"]
[BlackElo "2046"]
[PlyCount "57"]
[EventDate "2017.04.01"]
[EventType "swiss"]
[EventRounds "4"]
[EventCountry "NOR"]
[SourceTitle "EXT 2024"]
[Source "ChessBase"]
[SourceDate "2023.10.10"]
[SourceVersion "1"]
[SourceVersionDate "2023.10.10"]
[SourceQuality "1"]

1. g3 g6 2. c4 c5 3. Bg2 Bg7 4. Nc3 Nc6 5. e3 e6 6. Nge2 Nge7 7. d4 cxd4 8. Nxd4 Nxd4 9. exd4 d5 10. cxd5 exd5 11. 0-0 0-0 12. Bg5 f6 13. Bf4 g5 14. Be3 b6 15. Qb3 Bb7 16. Rfe1 Kh8 17. Rac1 Qd7 18. Qb5 Bc6 19. Qd3 h6 20. f4 g4 21. Bf2 f5 22. Nd1 Bb5 23. Rxe7 Qxe7 24. Qxb5 Rac8 25. Nc3 Rfd8 26. Re1 Qd7 27. Qxd7 Rxd7 28. Bxd5 Rcd8 29. Be6 1-0

[Event "NOR-chT 1617"]
[Site "Norway"]
[Date "2017.01.13"]
[Round "4.5"]
[White "Jacobsen, Fredrik Beer"]
[Black "Hagen, Anders Gjerdrum"]
[Result "1-0"]
[WhiteElo "2054"]
[BlackElo "2223"]
[PlyCount "79"]
[EventDate "2016.10.28"]
[EventType "team-tourn"]
[EventRounds "9"]
[EventCountry "NOR"]
[SourceTitle "EXT 2018"]
[Source "ChessBase"]
[SourceDate "2017.10.13"]
[SourceVersion "1"]
[SourceVersionDate "2017.10.13"]
[SourceQuality "1"]
[WhiteTeam "Stavanger"]
[BlackTeam "Oslo SK 1911"]
[WhiteTeamCountry "NOR"]
[BlackTeamCountry "NOR"]

1. d4 Nf6 2. Bf4 e6 3. e3 d5 4. c3 Bd6 5. Bg3 0-0 6. Nd2 c5 7. Bd3 Nc6 8. Ngf3 Qe7 9. Ne5 Bxe5 10. dxe5 Nd7 11. f4 f5 12. 0-0 c4 13. Bc2 b5 14. Nf3 Nc5 15. Bh4 Qb7 16. g4 fxg4 17. Ng5 h6 18. Nh7 Rf7 19. Qxg4 Ne7 20. Bxe7 Qxe7 21. Bg6 Kh8 22. Qh5 Rf5 23. Bxf5 exf5 24. Ng5 Be6 25. Nxe6 Qxe6 26. Rf2 Ne4 27. Rg2 Kh7 28. Kh1 g6 29. Qe2 Rg8 30. a4 bxa4 31. Rxa4 Qb6 32. Rb4 Qc6 33. Qd1 Rg7 34. Qa4 Qc5 35. Re2 g5 36. Qb5 gxf4 37. Qxc5 f3 38. Qf8 Kg6 39. Qxg7+ Kxg7 40. Rc2 1-0

[Event "Helsingor Xtracon op"]
[Site "Helsingor"]
[Date "2016.07.30"]
[Round "9"]
[White "Jacobsen, Fredrik Beer"]
[Black "Marthedal, Anton Mehmet Yildiz"]
[Result "1/2-1/2"]
[WhiteElo "2028"]
[BlackElo "1891"]
[PlyCount "73"]
[EventDate "2016.07.23"]
[EventType "swiss"]
[EventRounds "10"]
[EventCountry "DEN"]
[SourceTitle "CBM 173 Extra"]
[Source "ChessBase"]
[SourceDate "2016.08.29"]
[SourceVersion "1"]
[SourceVersionDate "2016.08.29"]
[SourceQuality "1"]

1. e4 c6 2. d4 d5 3. Nc3 dxe4 4. Nxe4 Bf5 5. Ng3 Bg6 6. h4 h6 7. Nf3 Nd7 8. h5 Bh7 9. Bd3 Bxd3 10. Qxd3 e6 11. Bd2 Ngf6 12. c4 Be7 13. 0-0-0 Qc7 14. Kb1 a5 15. Ne4 Nxe4 16. Qxe4 Nf6 17. Qe2 Bb4 18. Ne5 Bxd2 19. Rxd2 Nd7 20. Nxd7 Qxd7 21. Rhd1 0-0-0 22. Qe5 Qc7 23. Qxg7 Qf4 24. Qe5 Qxe5 25. dxe5 Rxd2 26. Rxd2 Rg8 27. f3 Rg5 28. g4 Rxe5 29. Kc2 Kc7 30. Kc3 c5 31. Rd1 Re2 32. a4 Re3+ 33. Rd3 Re2 34. Rd2 Re3+ 35. Rd3 Re2 36. Rd2 Re3+ 37. Rd3 1/2-1/2

[Event "Politiken Cup 37th"]
[Site "Helsingor"]
[Date "2015.08.01"]
[Round "9"]
[White "Jacobsen, Fredrik Beer"]
[Black "Satre, Roger"]
[Result "1/2-1/2"]
[WhiteElo "2071"]
[BlackElo "1900"]
[PlyCount "60"]
[EventDate "2015.07.25"]
[EventType "swiss"]
[EventRounds "10"]
[EventCountry "DEN"]
[SourceTitle "CBM 167 Extra"]
[Source "ChessBase"]
[SourceDate "2015.09.14"]
[SourceVersion "1"]
[SourceVersionDate "2015.09.14"]
[SourceQuality "1"]

1. Nf3 d5 2. c4 e6 3. e3 Nf6 4. Nc3 c5 5. d4 cxd4 6. Nxd4 Nc6 7. cxd5 Nxd5 8. Nxd5 Qxd5 9. Nxc6 Qxc6 10. Qb3 Bd7 11. Bd2 Bd6 12. Rc1 Qa4 13. Qxa4 Bxa4 14. Bd3 Bc6 15. 0-0 0-0 16. Rc2 Bd5 17. a3 Rfc8 18. Rfc1 Rxc2 19. Rxc2 Kf8 20. Bc3 h6 21. f3 Rd8 22. Bd4 b6 23. Ba6 e5 24. Bc3 f6 25. Kf2 Bb3 26. Rd2 Ke7 27. Ke2 Rd7 28. Rd3 Bc2 29. Rd2 Bb3 30. Rd3 Bc2 1/2-1/2

[Event "Fagernes Norsk op-B"]
[Site "Fagernes"]
[Date "2015.03.29"]
[Round "2"]
[White "Jacobsen, Fredrik Beer"]
[Black "Taranger, Rune"]
[Result "1-0"]
[WhiteElo "2011"]
[BlackElo "1736"]
[PlyCount "119"]
[EventDate "2015.03.29"]
[EventType "swiss"]
[EventRounds "9"]
[EventCountry "NOR"]
[SourceTitle "EXT 2016"]
[Source "ChessBase"]
[SourceDate "2015.10.08"]
[SourceVersion "1"]
[SourceVersionDate "2015.10.08"]
[SourceQuality "1"]

1. e4 d5 2. exd5 Qxd5 3. Nc3 Qa5 4. g3 Nf6 5. Bg2 c6 6. Nge2 Bf5 7. 0-0 e6 8. d4 Bd6 9. Bf4 Bxf4 10. Nxf4 Nbd7 11. Re1 0-0 12. h3 e5 13. dxe5 Nxe5 14. g4 Ng6 15. Nfe2 Rad8 16. Qc1 Be6 17. Qe3 Rfe8 18. Qg3 Bc4 19. Nf4 Qc7 20. Nxg6 Qxg3 21. fxg3 hxg6 22. b3 Rxe1+ 23. Rxe1 Be6 24. Re2 Kf8 25. Kf2 Rd7 26. Na4 Bd5 27. Nc5 Rc7 28. c4 Bxg2 29. Kxg2 b6 30. g5 Nh7 31. Ne4 Re7 32. Kf3 f5 33. gxf6 gxf6 34. g4 Ng5+ 35. Nxg5 fxg5 36. Rd2 Rf7+ 37. Kg3 c5 38. Rd5 Kg7 39. Rxg5 Kh6 40. Rd5 Kg7 41. Rd3 g5 42. h4 gxh4+ 43. Kxh4 Kg6 44. Rd6+ Kg7 45. Kg5 Re7 46. Kf5 Kf7 47. g5 Kg7 48. Re6 Rd7 49. Ke5 Kf7 50. Rh6 Kg7 51. Rd6 Rf7 52. Rf6 Re7+ 53. Re6 Rd7 54. g6 Kh6 55. Kf6 Rg7 56. Kf5 Rg8 57. Re7 Rxg6 58. Rxa7 Rg5+ 59. Ke4 Rg6 60. Kd5 1-0

[Event "Fagernes Norsk op-B"]
[Site "Fagernes"]
[Date "2015.03.29"]
[Round "3"]
[White "Machlik, Endre"]
[Black "Jacobsen, Fredrik Beer"]
[Result "1-0"]
[WhiteElo "2036"]
[BlackElo "2011"]
[PlyCount "39"]
[EventDate "2015.03.29"]
[EventType "swiss"]
[EventRounds "9"]
[EventCountry "NOR"]
[SourceTitle "EXT 2016"]
[Source "ChessBase"]
[SourceDate "2015.10.08"]
[SourceVersion "1"]
[SourceVersionDate "2015.10.08"]
[SourceQuality "1"]

1. d4 Nf6 2. c4 e6 3. Nc3 Bb4 4. Qc2 d5 5. a3 Bxc3+ 6. Qxc3 b6 7. Bg5 Bb7 8. Nf3 Nbd7 9. e3 Rc8 10. c5 Ne4 11. Bxd8 Nxc3 12. Bh4 Ne4 13. b4 0-0 14. Bd3 Rfe8 15. Rc1 c6 16. Bxe4 dxe4 17. Nd2 f5 18. Nc4 Rf8 19. Nd6 Rc7 20. Bg3 1-0

[Event "Fagernes Norsk op-B"]
[Site "Fagernes"]
[Date "2015.03.29"]
[Round "8"]
[White "Maloberti, David"]
[Black "Jacobsen, Fredrik Beer"]
[Result "0-1"]
[WhiteElo "2140"]
[BlackElo "2011"]
[PlyCount "66"]
[EventDate "2015.03.29"]
[EventType "swiss"]
[EventRounds "9"]
[EventCountry "NOR"]
[SourceTitle "EXT 2016"]
[Source "ChessBase"]
[SourceDate "2015.10.08"]
[SourceVersion "1"]
[SourceVersionDate "2015.10.08"]
[SourceQuality "1"]

1. d4 Nf6 2. c4 e6 3. Nf3 Be7 4. Bf4 0-0 5. e3 b6 6. Bd3 Bb7 7. 0-0 c5 8. Nc3 cxd4 9. exd4 d5 10. b3 h6 11. Ne5 Nc6 12. Nxc6 Bxc6 13. Be3 Bd6 14. f4 Re8 15. Kh1 Rc8 16. Rc1 Ba8 17. Nb5 dxc4 18. bxc4 Bb8 19. Nc3 Qd7 20. Be2 Ne4 21. Nxe4 Bxe4 22. Bf3 Bxf3 23. Rxf3 b5 24. c5 Qd5 25. Rg3 Kh7 26. Qd3+ Kh8 27. Qxb5 Qxa2 28. Qd7 Rf8 29. Rh3 Qa6 30. Qe7 Bc7 31. g4 Qc6+ 32. Kg1 f6 33. d5 exd5 0-1

[Event "Prague op-A 14th"]
[Site "Prague"]
[Date "2015.01.09"]
[Round "1"]
[White "Nosenko, Alexander"]
[Black "Jacobsen, Fredrik Beer"]
[Result "1-0"]
[WhiteElo "2506"]
[BlackElo "2031"]
[PlyCount "51"]
[EventDate "2015.01.09"]
[EventType "swiss"]
[EventRounds "9"]
[EventCountry "CZE"]
[SourceTitle "CBM 164 Extra"]
[Source "ChessBase"]
[SourceDate "2015.03.02"]
[SourceVersion "1"]
[SourceVersionDate "2015.03.02"]
[SourceQuality "1"]

1. d4 Nf6 2. Nf3 e6 3. c4 b6 4. Bg5 Be7 5. Nc3 d5 6. cxd5 exd5 7. Rc1 0-0 8. g3 Bb7 9. Bg2 Ne4 10. Bxe7 Qxe7 11. 0-0 Nd7 12. e3 a6 13. Qb3 Qd6 14. Rfd1 Rac8 15. Nxe4 dxe4 16. Nd2 Rfe8 17. Bh3 b5 18. Qa3 Qxa3 19. bxa3 Re7 20. Nb3 g6 21. Bxd7 Rxd7 22. Nc5 Bc6 23. Nxd7 Bxd7 24. d5 Kg7 25. Rc5 Bg4 26. Rd4 1-0

[Event "London Classic op 6th"]
[Site "London"]
[Date "2014.12.14"]
[Round "8"]
[White "Stigar, Petter"]
[Black "Jacobsen, Fredrik Beer"]
[Result "1-0"]
[WhiteElo "2194"]
[BlackElo "2034"]
[PlyCount "41"]
[EventDate "2014.12.08"]
[EventType "swiss"]
[EventRounds "9"]
[EventCountry "ENG"]
[SourceTitle "CBM 163 Extra"]
[Source "ChessBase"]
[SourceDate "2014.12.23"]
[SourceVersion "1"]
[SourceVersionDate "2014.12.23"]
[SourceQuality "1"]

1. Nf3 Nf6 2. c4 c5 3. g3 g6 4. Bg2 Bg7 5. 0-0 0-0 6. d4 cxd4 7. Nxd4 Nc6 8. Nc3 a6 9. c5 Nxd4 10. Qxd4 Ne8 11. Qh4 Nc7 12. Bg5 f6 13. Be3 e6 14. Rfd1 Qe7 15. Rd6 g5 16. Qb4 Rb8 17. Rad1 f5 18. Qb6 Qd8 19. Bxg5 Bf6 20. Bxf6 Rxf6 21. c6 1-0

[Event "London Classic op 6th"]
[Site "London"]
[Date "2014.12.11"]
[Round "4"]
[White "Barasi, Paul Dl"]
[Black "Jacobsen, Fredrik Beer"]
[Result "1-0"]
[WhiteElo "1836"]
[BlackElo "2034"]
[PlyCount "60"]
[EventDate "2014.12.08"]
[EventType "swiss"]
[EventRounds "9"]
[EventCountry "ENG"]
[SourceTitle "CBM 163 Extra"]
[Source "ChessBase"]
[SourceDate "2014.12.23"]
[SourceVersion "1"]
[SourceVersionDate "2014.12.23"]
[SourceQuality "1"]

1. d4 Nf6 2. Bg5 Ne4 3. h4 b6 4. Nd2 d5 5. Nxe4 dxe4 6. e3 Bb7 7. Ne2 h6 8. Bf4 Nd7 9. g4 c5 10. c3 cxd4 11. cxd4 e6 12. Nc3 Bb4 13. Qa4 Bxc3+ 14. bxc3 0-0 15. g5 e5 16. dxe5 hxg5 17. Rd1 Nc5 18. Rxd8 Nxa4 19. Rxa8 Rxa8 20. hxg5 Nxc3 21. Kd2 Nxa2 22. Bc4 Rd8+ 23. Kc2 Nb4+ 24. Kb3 Nd3 25. g6 Bd5 26. Bg5 Bxc4+ 27. Kxc4 Nxe5+ 28. Kb5 Rd5+ 29. Ka6 Ra5+ 30. Kb7 Nxg6 1-0

[Event "London Classic op 6th"]
[Site "London"]
[Date "2014.12.09"]
[Round "2"]
[White "Dror, Levi L"]
[Black "Jacobsen, Fredrik Beer"]
[Result "0-1"]
[WhiteElo "1824"]
[BlackElo "2034"]
[PlyCount "76"]
[EventDate "2014.12.08"]
[EventType "swiss"]
[EventRounds "9"]
[EventCountry "ENG"]
[SourceTitle "CBM 163 Extra"]
[Source "ChessBase"]
[SourceDate "2014.12.23"]
[SourceVersion "1"]
[SourceVersionDate "2014.12.23"]
[SourceQuality "1"]

1. e4 c5 2. Nf3 Nc6 3. d4 cxd4 4. Nxd4 Nf6 5. Nc3 d6 6. Bg5 e6 7. Qd2 a6 8. 0-0-0 h6 9. Be3 Nxd4 10. Bxd4 b5 11. f3 Qa5 12. Kb1 b4 13. Ne2 e5 14. Be3 Be6 15. Nc1 Be7 16. g4 d5 17. g5 hxg5 18. Bxg5 dxe4 19. Bxf6 Bxf6 20. fxe4 0-0 21. Rg1 Qb6 22. Bd3 a5 23. Rg2 a4 24. Rdg1 g6 25. b3 axb3 26. cxb3 Rfd8 27. Qf2 Qxf2 28. Rxf2 Be7 29. Rc2 Ra5 30. Rgg2 Bc5 31. Bc4 Bxc4 32. Rxc4 Rd1 33. Rgc2 Be7 34. Kb2 Rb5 35. Rc7 Bg5 36. Rf2 Rb6 37. Rfxf7 Bxc1+ 38. Kc2 Rbd6 0-1

[Event "Oslo op-B"]
[Site "Oslo"]
[Date "2014.09.28"]
[Round "9"]
[White "Jacobsen, Fredrik Beer"]
[Black "Kovachev, Daniel Jakobsen"]
[Result "1-0"]
[WhiteElo "2046"]
[BlackElo "2289"]
[PlyCount "96"]
[EventDate "2014.09.28"]
[EventType "swiss"]
[EventRounds "9"]
[EventCountry "NOR"]
[SourceTitle "EXT 2017"]
[Source "ChessBase"]
[SourceDate "2016.10.25"]
[SourceVersion "1"]
[SourceVersionDate "2016.10.25"]
[SourceQuality "1"]

1. e4 Nf6 2. d3 e5 3. Nc3 Nc6 4. g3 d5 5. Bg2 Be6 6. exd5 Nxd5 7. Nge2 Nxc3 8. Nxc3 Qd7 9. Be3 0-0-0 10. Qd2 h5 11. 0-0-0 Bb4 12. f4 exf4 13. Bxf4 Nd4 14. Kb1 Nb5 15. Rhe1 Bxc3 16. bxc3 Na3+ 17. Ka1 Qa4 18. Rc1 Nb1 19. Rxe6 Nxd2 20. Re7 Qa5 21. Bxd2 Rhe8 22. Rce1 Rxe7 23. Rxe7 g5 24. h4 Qf5 25. hxg5 Qf2 26. Bf4 Qg1+ 27. Kb2 Qb6+ 28. Kc1 Rf8 29. Rxc7+ Qxc7 30. Bxc7 Kxc7 31. Bf3 Rh8 32. Kd2 Kd6 33. d4 b6 34. Kd3 Ke6 35. Ke4 Rc8 36. Kd3 Kf5 37. Bxh5 Rc7 38. Bf3 Kxg5 39. c4 Kf5 40. c3 Re7 41. Bd1 Re1 42. Be2 Ra1 43. Bh5 Ke6 44. d5+ Kd6 45. Bxf7 Rxa2 46. c5+ Kxc5 47. Be8 Rg2 48. Bc6 a5 1-0

[Event "Oslo op-B"]
[Site "Oslo"]
[Date "2014.09.28"]
[Round "8"]
[White "Tryggestad, Andreas Garberg"]
[Black "Jacobsen, Fredrik Beer"]
[Result "1/2-1/2"]
[WhiteElo "2019"]
[BlackElo "2046"]
[PlyCount "59"]
[EventDate "2014.09.28"]
[EventType "swiss"]
[EventRounds "9"]
[EventCountry "NOR"]
[SourceTitle "EXT 2017"]
[Source "ChessBase"]
[SourceDate "2016.10.25"]
[SourceVersion "1"]
[SourceVersionDate "2016.10.25"]
[SourceQuality "1"]

1. e4 c5 2. c3 d5 3. exd5 Qxd5 4. d4 Nf6 5. Nf3 Bg4 6. dxc5 Qxc5 7. Be3 Qc7 8. Na3 a6 9. Be2 e6 10. h3 Bh5 11. 0-0 Be7 12. Qa4+ Nbd7 13. Bf4 Qc8 14. c4 0-0 15. b4 b5 16. cxb5 axb5 17. Qb3 Bxb4 18. Nxb5 Nd5 19. Bg3 Nc5 20. Qc4 Na4 21. Qh4 Bg6 22. Ne5 Nac3 23. Nxc3 Bxc3 24. Nxg6 hxg6 25. Rac1 Rxa2 26. Qc4 Qa8 27. Bf3 Rc8 28. Qd3 Rd2 29. Qb5 Rb2 30. Qd3 1/2-1/2

[Event "Oslo op-B"]
[Site "Oslo"]
[Date "2014.09.28"]
[Round "6"]
[White "Wahlstedt, Mats"]
[Black "Jacobsen, Fredrik Beer"]
[Result "1/2-1/2"]
[WhiteElo "1980"]
[BlackElo "2046"]
[PlyCount "53"]
[EventDate "2014.09.28"]
[EventType "swiss"]
[EventRounds "9"]
[EventCountry "NOR"]
[SourceTitle "EXT 2017"]
[Source "ChessBase"]
[SourceDate "2016.10.25"]
[SourceVersion "1"]
[SourceVersionDate "2016.10.25"]
[SourceQuality "1"]

1. e4 c5 2. c3 Nf6 3. e5 Nd5 4. d4 cxd4 5. cxd4 d6 6. Nf3 Nc6 7. Bc4 Nb6 8. Bb5 d5 9. 0-0 Bg4 10. Be3 e6 11. a3 Be7 12. Nbd2 0-0 13. Rc1 Rc8 14. Bxc6 bxc6 15. b4 f5 16. exf6 Bxf6 17. Qb3 Bxf3 18. Nxf3 Nc4 19. Qc3 Qd6 20. Bg5 e5 21. Bxf6 gxf6 22. Nd2 exd4 23. Nxc4 dxc4 24. Qxc4+ Kg7 25. Rcd1 Rcd8 26. Rd3 Qd5 27. Qxd5 1/2-1/2

[Event "Politiken Cup 36th"]
[Site "Helsingor"]
[Date "2014.07.28"]
[Round "9"]
[White "Nielsen, Lars Aaes"]
[Black "Jacobsen, Fredrik Beer"]
[Result "1-0"]
[WhiteElo "2257"]
[BlackElo "2012"]
[PlyCount "163"]
[EventDate "2014.07.21"]
[EventType "swiss"]
[EventRounds "10"]
[EventCountry "DEN"]
[SourceTitle "CBM 161 Extra"]
[Source "ChessBase"]
[SourceDate "2014.08.29"]
[SourceVersion "1"]
[SourceVersionDate "2014.08.29"]
[SourceQuality "1"]

1. e4 c5 2. c3 d5 3. exd5 Qxd5 4. d4 Nc6 5. Nf3 Bg4 6. Be2 cxd4 7. cxd4 e6 8. 0-0 Nf6 9. h3 Bh5 10. Nc3 Qa5 11. a3 Be7 12. Be3 Nd5 13. Ne4 0-0 14. b4 Qd8 15. Qb3 f5 16. Nc5 Bxc5 17. dxc5 f4 18. Bd2 Bxf3 19. Bxf3 Nd4 20. Qd1 Nxf3+ 21. Qxf3 Qf6 22. Rfe1 Rad8 23. Rad1 Rfe8 24. Bc1 Kf7 25. Rd2 Qc3 26. Qxc3 Nxc3 27. Rxd8 Rxd8 28. Bxf4 Rd3 29. Be5 Nd5 30. b5 Rxa3 31. c6 bxc6 32. bxc6 Ra5 33. Rc1 Ne7 34. f4 g6 35. c7 Nc8 36. Kf2 Rd5 37. g4 Ke7 38. Ke3 Kd7 39. Ke4 Rd2 40. h4 Rh2 41. Rd1+ Kc6 42. Kf3 h5 43. gxh5 gxh5 44. Rd8 Kb7 45. Kg3 Rc2 46. Rh8 a5 47. Rxh5 a4 48. f5 exf5 49. Rxf5 a3 50. Rf3 a2 51. Ra3 Ne7 52. h5 Rc5 53. Kf4 Nd5+ 54. Kg4 Nb4 55. Bd6 Rc4+ 56. Kg5 Rc1 57. Be5 Rc5 58. Kf6 Nd5+ 59. Kf5 Ne3+ 60. Kf4 Rxe5 61. Kxe5 Nc4+ 62. Ke6 Nxa3 63. Kd7 a1Q 64. c8Q+ Ka7 65. Qc5+ Kb7 66. Qd5+ Kb6 67. h6 Qh8 68. Qe6+ Kb7 69. Qb3+ Ka6 70. Qxa3+ Kb5 71. Qb3+ Ka5 72. Qd5+ Ka4 73. Qe4+ Ka5 74. h7 Qg7+ 75. Ke6 Qh6+ 76. Ke5 Qh2+ 77. Kd5 Qh5+ 78. Kd4 Qd1+ 79. Ke5 Qh5+ 80. Qf5 Qh2+ 81. Kf6+ Kb6 82. Kg7 1-0

[Event "Politiken Cup 36th"]
[Site "Helsingor"]
[Date "2014.07.27"]
[Round "8"]
[White "Jacobsen, Fredrik Beer"]
[Black "Hardlei, Johan"]
[Result "1-0"]
[WhiteElo "2012"]
[BlackElo "1884"]
[PlyCount "105"]
[EventDate "2014.07.21"]
[EventType "swiss"]
[EventRounds "10"]
[EventCountry "DEN"]
[SourceTitle "CBM 161 Extra"]
[Source "ChessBase"]
[SourceDate "2014.08.29"]
[SourceVersion "1"]
[SourceVersionDate "2014.08.29"]
[SourceQuality "1"]

1. e4 c5 2. Nc3 Nc6 3. g3 e6 4. Bg2 Nf6 5. d3 d6 6. Nge2 Be7 7. 0-0 a6 8. a4 Qc7 9. d4 cxd4 10. Nxd4 Bd7 11. Kh1 0-0 12. f4 Rac8 13. Be3 Nxd4 14. Bxd4 e5 15. Be3 Rfd8 16. a5 Qc4 17. Bb6 Re8 18. fxe5 Bg4 19. Bf3 Bxf3+ 20. Qxf3 dxe5 21. g4 Qe6 22. h3 Bb4 23. g5 Nd7 24. Nd5 Nxb6 25. axb6 Bd6 26. Rac1 Rf8 27. b4 Rc4 28. c3 Qg6 29. Rce1 Qxg5 30. Rg1 Qh6 31. Rg3 f6 32. Qd3 Rc6 33. Ne3 Rf7 34. Nf5 Qf4 35. Rf1 Rxc3 36. Rxf4 Rxd3 37. Rxd3 exf4 38. Rxd6 h6 39. Kg2 Kh7 40. Kf3 g5 41. Re6 Kg6 42. Re7 Rxe7 43. Nxe7+ Kf7 44. Nf5 Ke6 45. Nxh6 Kd6 46. Ng8 Kc6 47. Nxf6 Kxb6 48. e5 Kc6 49. Ne4 b6 50. Nxg5 a5 51. bxa5 bxa5 52. h4 a4 53. Ne4 1-0